000 00279nam a22001337a 4500
008 170607b xxu||||| |||| 00| 0 eng d
020 _a0890093369
041 _aeng
080 _a94
100 _a18
101 _aSHH
245 _aREPUBLICAN PARTY
_cFRANK,B
942 _2udc
_cBK
999 _c16287
_d16287